| 000 | 00463ata a2200181 4500 | ||
|---|---|---|---|
| 005 | 20160922163410.0 | ||
| 008 | 150519b xxu||||| |||| 00| 0 spa d | ||
| 041 | _aspa | ||
| 082 | _a155.23 M532p | ||
| 100 |
_aMello, Anthony de _922164 |
||
| 245 | _aEs posible el amor verdadero? | ||
| 260 |
_aArgentina _bLumen _c1994 |
||
| 300 | _a92 páginas | ||
| 650 |
_aSUPERACIÓN PERSONAL _92235 |
||
| 650 |
_aPLAN DE VIDA _922238 |
||
| 650 |
_aAMOR _95513 |
||
| 942 | _cBK | ||
| 999 |
_c5664 _d5664 |
||